La nouvelle poésie francaise

Shranjeno v:
Bibliografske podrobnosti
Glavni avtor: Biscaye, Pierre-Bérenger
Format: Knjiga
Jezik:Undetermined
Izdano: París, Francia Saint Germain des Prés 1971
Teme:
Oznake: Označite
Brez oznak, prvi označite!

MARC

LEADER 00000nam a2200000Ia 4500
008 170316s9999 xx 000 0 und d
040 |a cru BVZT 
090 |a A-840 B-3n 
100 |a Biscaye, Pierre-Bérenger 
245 |a La nouvelle poésie francaise 
260 |a París, Francia 
260 |b Saint Germain des Prés 
260 |c 1971 
300 |a 111 páginas 
650 |a LITERATURA FRANCESA 
650 |a ANTOLOGÍA 
999 |c 12397  |d 12397 
942 |c 15 D  |h A-840 B-3n  |2 z